000 00763cab a2200241 4500
001 ABS50951
008 090401t1994 xxu||||| |||| 00| 0 eng d
035 _a(Sirsi) u2805
041 _aeng
100 _aSlater, C.
245 _aQA comes of age
260 _c1994
350 _a0
490 _aCSM (Chartered Surveyor Monthly)
_v3(9) June 1994, 39(1)
520 _aDiscusses the experiences of three surveyors who participated in the QA Workshop programme provided by RICS Conferences and the RICS in Scotland.
650 _aMENTOR
650 _aQUALITY ASSURANCE
650 _aRICS QUALITY WORKSHOP PROGRAMME
650 _aRIDGE AND PARTNERS
690 _aMANAGEMENT-BUSINESS MANAGEMENT-PROFESSIONAL PRACTICE
942 _n0
948 _c04/03/1997
999 _c1686
_d1686